Mengenali undang-undang hakcipta di Malaysia (Record no. 17319)

MARC details
000 -LEADER
fixed length control field 00773nam a2200265 i 4500
001 - CONTROL NUMBER
control field C2-0085822
003 - CONTROL NUMBER IDENTIFIER
control field PPAK
005 - DATE AND TIME OF LATEST TRANSACTION
control field 20180727090700.0
008 - FIXED-LENGTH DATA ELEMENTS--GENERAL INFORMATION
fixed length control field 970430s1992 my |||| ||||| | may d
020 ## - INTERNATIONAL STANDARD BOOK NUMBER
International Standard Book Number 9838390909
040 ## - CATALOGING SOURCE
Original cataloging agency PPAK
Language of cataloging eng
Transcribing agency PPAK
Description conventions rda
082 04 - DEWEY DECIMAL CLASSIFICATION NUMBER
Classification number 346.0482
Edition number 23
090 00 - LOCALLY ASSIGNED LC-TYPE CALL NUMBER (OCLC); LOCAL CALL NUMBER (RLIN)
Classification number (OCLC) (R) ; Classification number, CALL (RLIN) (NR) 346.0482
Feature heading ROH
Feature heading G
Classification number (OCLC) (R) ; Classification number, CALL (RLIN) (NR) 346.0482
Feature heading ROH
Feature heading KK
100 0# - MAIN ENTRY--PERSONAL NAME
Personal name Rohazar Wati Zuallcobley,
Relator term author
245 10 - TITLE STATEMENT
Title Mengenali undang-undang hakcipta di Malaysia
250 ## - EDITION STATEMENT
Edition statement Mohd Zawawi Awang Nik
264 #1 - PRODUCTION, PUBLICATION, DISTRIBUTION, MANUFACTURE, AND COPYRIGHT NOTICE
Place of production, publication, distribution, manufacture Kuala Lumpur :
Name of producer, publisher, distributor, manufacturer Pustaka Pertiwi ,
Date of production, publication, distribution, manufacture, or copyright notice 1992
300 ## - PHYSICAL DESCRIPTION
Extent xiv, 137 pages ;
Dimensions 21 cm
336 ## - CONTENT TYPE
Source rdacontent
Content type term text
337 ## - MEDIA TYPE
Source rdamedia
Media type term unmediated
338 ## - CARRIER TYPE
Source rdacarrier
Carrier type term volume
650 10 - SUBJECT ADDED ENTRY--TOPICAL TERM
Topical term or geographic name entry element Copyright - Malaysia - Law and legislation.
942 ## - ADDED ENTRY ELEMENTS (KOHA)
-- dc
Koha item type Book
Holdings
Withdrawn Not for loan Current library Shelving location Date acquired Full call number Barcode Date last seen Koha item type
    Perpustakaan Alor Setar Pinjaman Dewasa 16/07/1997 346.0482 ROH A00031422 08/05/2018 Book
  Not For Loan Perpustakaan Alor Setar Koleksi Kedah 31/07/1999 KK 346.0482 ROH A00154098 08/05/2018 Book